00569nam a22001697a 450000500170000001000150001702000260003203500140005803700130007208200080008510000200009324501160011326000390022927000740026830000350034270000220037720220523113634.0 aENG-132776 a9789387162488c795.00 aEN-116308 bDBAD/PUB a617 aKundu, Debanjan aQuest: A Comprehensive Guide To UG Surgerym, orthopedics & Anesthesiology/cDebanjan Kundu and Simantini Sircar aKolkatabAcademic Publishersc2019 a5A Bhawani Dutta LanebKolkatae700073mcontact@academicpublishers.in a739p.bBibliographyc24cm(pbk) aSircar, Simantini